000
00247nam a2200097Ia 4500
008
240331s9999 xx 000 0 und d
082
_b
KAS
100
_a
Kasarinlan
245
0
_a
Kasarinlan :
_b
a Philippine quarterly of third world studies
942
_c
L
999
_c
5591
_d
5591